Logos de marques françaises - Mort subite - Statistiques

Statistiques générales
  • Ce quiz a été pris 15 848 fois
  • Le résultat moyen est 4 sur 15
Answers on the Grid
Answers color-coded by a green-red scale on the quiz's grid according to % correct below.
 
Statistiques - réponses
Réponse % Correct
40%
39%
34%
33%
32%
30%
30%
29%
25%
24%
23%
21%
16%
11%
6%
Aucun quiz correspondant
Distribution des résultats
% des personnes avec chaque résultat
Percentile par nombre de réponses
Votre historique - résultats
Vous n’avez pas pris ce quiz